الفلسطينيون : (Record no. 15942)
[ view plain ]
| 000 -الفاتح | |
|---|---|
| حقل البيانات ثابتة الطول | 01017nam a22002537a 4500 |
| 003 - محدد رقم الضبط | |
| رقم الضبط | OSt |
| 005 - وقت وتاريخ اخر تعامل مع التسجيلة | |
| رقم الضبط | 20170301134909.0 |
| 008 - عناصر البيانات ثابتة الطول - معلومات عامة | |
| حقل البيانات ثابتة الطول | 110904s1988 ku|||||r|||| 00| 0 ara d |
| 040 ## - مصدر الفهرسة | |
| وكالة الفهرسة الأصلية | EG-BUE |
| 082 04 - رقم تصنيف ديوى العشرى | |
| رقم التصنيف | 341.5 |
| رقم المادة | ف ل س |
| رقم الطبعة | 22 |
| 100 ## - المدخل الرئيسى - إسم شخصى | |
| 9 (RLIN) | 26966 |
| الإسم الشخصى | ابن طلال ، حسن |
| 245 ## - بيان العنوان | |
| العنوان | الفلسطينيون : |
| بقية العنوان | من الاقتلاع إلى المقاومة / |
| بيان المسئوليه,etc | حسن بن طلال...]وآخ] |
| 260 ## - PUBLICATION, DISTRIBUTION, ETC. (IMPRINT) | |
| مكان الناشر او الموزع | ]الكويت[ : |
| اسم الناشر او الموزع | مجلة العربي، 1988 |
| تاريخ النشر أو التوزيع | 1988 |
| 300 ## - الوصف المادى | |
| التعداد | 178 ص ؛ |
| أبعاد الوعاء | 18 سم |
| 490 ## - بيان السلسلة | |
| عنوان السلسلة | ؛كتاب العربي |
| 541 ## - تبصرة المصدر المباشر للتزويد | |
| مصدر التزويد | علاء عبد الغني ؛ |
| طريقة التزويد | إهداء ؛ |
| 650 ## - المدخل الاضافى بالموضوع-مصطلح موضوعى | |
| 9 (RLIN) | 8530 |
| مصطلح موضوعي أو اسم جغرافي كعنصر مدخل | القضية الفلسطينية |
| مصدر الرأس أو المصطلح | BUEsh |
| 650 ## - المدخل الاضافى بالموضوع-مصطلح موضوعى | |
| 9 (RLIN) | 8291 |
| مصطلح موضوعي أو اسم جغرافي كعنصر مدخل | الفدائيون الفلسطينيون |
| مصدر الرأس أو المصطلح | BUEsh |
| 650 ## - المدخل الاضافى بالموضوع-مصطلح موضوعى | |
| 9 (RLIN) | 8290 |
| مصطلح موضوعي أو اسم جغرافي كعنصر مدخل | المقاومة الفلسطينية |
| مصدر الرأس أو المصطلح | BUEsh |
| 650 ## - المدخل الاضافى بالموضوع-مصطلح موضوعى | |
| 9 (RLIN) | 15086 |
| مصطلح موضوعي أو اسم جغرافي كعنصر مدخل | النزاع العربى الإسرائيلى |
| مصدر الرأس أو المصطلح | BUEsh |
| 650 ## - المدخل الاضافى بالموضوع-مصطلح موضوعى | |
| 9 (RLIN) | 13308 |
| مصطلح موضوعي أو اسم جغرافي كعنصر مدخل | وعد بلفور |
| مصدر الرأس أو المصطلح | BUEsh |
| 651 ## - المدخل الاضافى بالموضوع - اسم جغرافى | |
| 9 (RLIN) | 26967 |
| الاسم الجغرافي | فلسطين المحتلة 1948 م |
| مصدر الرأس أو المصطلح | BUEsh |
| 942 ## - عناصر المدخل الإضافي( كوها) | |
| مصدر التصنيف او مخطط الترفيف | Dewey Decimal Classification |
| Koha [default] item type | Book - Borrowing |
| حالة التراجع | حالة الفقد | مصدر التصنيف او خطة الترفيف | حالة تلف | ليس للاعارة | مجموعات كوها | المكان الدائم | المكان الحالي | موقع الترفيف | تاريخ الاكتساب | Source of acquisition | رقم الاستدعاء | الباركود | Date last seen | مُعار | نوع الوعاء |
|---|---|---|---|---|---|---|---|---|---|---|---|---|---|---|---|
| Dewey Decimal Classification | Central Library | Central Library | First floor | 04/09/2011 | Donation | 341.5 ف ل س | 000024653 | 15/07/2025 | 09/03/2024 | Book - Borrowing |